000 00419nam a2200169Ia 4500
008 230524s9999 xx 000 0 und d
020 _a9788131504888
082 _a519.6
_bDEV
100 _aJay L.Devore
245 0 _aProbability and Statistics for Engineers
250 _aIST
260 _aNEW DELHI
_bCengage
_c2008
300 _aXVI;597
500 _aQuantity Number: 2
650 _aMathematics
942 _cBK
999 _c47158
_d47158